000 00843nam a2200265Ia 4500
003 OSt
005 20220923230958.0
006 a|||||r|||| 00| 0
007 ta
008 220922b |||||||| |||| 00| 0 hin d
024 _a327,497
037 _cTextual
040 _aARTS
_cARTS
_bhin
041 _2hin
_ahin
082 _aO152,3N40,YU, L9.1
100 _aकोहली, नरेन्द्र, ले.
245 0 _aयुद्ध
246 _aYuddha
260 _aदिल्ली
_b पराग प्रकाशन
_c1979
490 _vभाग 1
650 _a हिन्दी साहित्य
_9156264
650 _aहिन्दी कहानी
942 _hO152,3N40,YU, L9.1
_cTEXL
_2CC
999 _c388555
_d388555